000
00255nam a2200109Ia 4500
008
220204s9999 xx 000 0 und d
082
_a
82-3
_b
HIG
100
_a
Higgins, Jack
245
0
_a
Prayer for the dying
260
_a
USA
_b
Fawcett
_c
1973
942
_c
BK
999
_c
33457
_d
33457